| 000 | 01244nam2a22002531 4500 | ||
|---|---|---|---|
| 001 | RU\NLR\INFOCOMM55\5000202755 | ||
| 005 | 20250617172603.0 | ||
| 035 | _a(NLR Aleph) 002848807 | ||
| 090 |
_a2998204 _c2998204 |
||
| 100 | _a20050221d1926 |||y0rusy50 ca | ||
| 101 | 0 | _arus | |
| 102 | _aRU | ||
| 105 | _ay ||||000|y | ||
| 200 | 1 |
_aПокос и пастьба как факторы, регулирующие жизнь сырых лугов _fН.Я. Кац |
|
| 210 |
_d1926 _aБ. м. |
||
| 461 | 0 |
_1001RU\NLR\INFOCOMM55\5000202736 _12001#$aТруды Яхромского болотного опытного поля$fМоск. обл. упр. по с.-х. опыт. делу$vВып.5 _92998161 _aЯхромское болотное опытное поле (Московская область) _cМ. _d1923-1926 _fМоск. обл. упр. по с.-х. опыт. делу _nИзд-во Отд. применения Моск. обл. с.-х. оп. станции _tТруды Яхромского болотного опытного поля _vВып.5 |
|
| 700 | 1 |
_aКац _bН.Я. _4070 |
|
| 801 | 1 |
_aRU _bInfoComm _c20050221 |
|
| 801 | 0 |
_aRU _bNLR _gPSBO |
|
| 852 |
_aNLR _j9/100 |
||
| 942 | _cISSUE | ||
| 980 | _aNB | ||
| 980 | _aRUSPER | ||